UBT Library

BEFORE WE ARE BORN (Record no. 59931)

000 -LEADER
fixed length control field 00329nam a22001457a 4500
008 - FIXED-LENGTH DATA ELEMENTS--GENERAL INFORMATION
fixed length control field 230612b ||||| |||| 00| 0 eng d
020 ## - INTERNATIONAL STANDARD BOOK NUMBER
International Standard Book Number 9781416037057
041 ## - LANGUAGE CODE
Language code of text/sound track or separate title eng
080 ## - UNIVERSAL DECIMAL CLASSIFICATION NUMBER
Edition identifier 7TH EDITION
Universal Decimal Classification number 618
082 ## - DEWEY DECIMAL CLASSIFICATION NUMBER
Classification number 618PER
100 ## - Rafti
Rafti 15
101 ## - Shkurtesa
Shkurtesa GJKL
245 ## - TITLE STATEMENT
Title BEFORE WE ARE BORN
Statement of responsibility, etc PERSAUD.N.V.T
942 ## - ADDED ENTRY ELEMENTS (KOHA)
Source of classification or shelving scheme
Item type Books
Holdings
Withdrawn status Lost status Source of classification or shelving scheme Damaged status Not for loan Collection code Permanent location Current location Date acquired Total Checkouts Full call number Barcode Date last seen Price effective from Koha item type
          Koleksioni i përgjithshem UBT - Lipjan UBT - Lipjan 06/12/2023   618PER 002-800080516 06/12/2023 06/12/2023 Books
UBT Library © 2015-2024. All rights reserved University Education for Business and Technology